[Event "Olginka Orbit op"]
[Site "Olginka"]
[Date "2022.08.16"]
[Round "1"]
[White "Bolikov, Nicolai"]
[Black "Ekdyshman, Mikhail"]
[Result "0-1"]
[WhiteElo "1676"]
[BlackElo "2297"]
[PlyCount "38"]
[EventDate "2022.08.16"]
[EventType "swiss"]
[EventRounds "9"]
[EventCountry "RUS"]
[SourceTitle "CBM 209 Extra"]
[Source "ChessBase"]
[SourceDate "2022.09.30"]
[SourceVersion "1"]
[SourceVersionDate "2022.09.30"]
[SourceQuality "1"]

1. d4 Nf6 2. Nf3 c5 3. Bf4 cxd4 4. Nxd4 e5 5. Ne6 fxe6 6. Bxe5 Nc6 7. Bc3 Bc5 8. e3 0-0 9. Bd3 d5 10. 0-0 e5 11. e4 dxe4 12. Bc4+ Kh8 13. Qe1 Nd4 14. Qd2 Ng4 15. h3 Nxf2 16. Bb4 e3 17. Qc3 Nf3+ 18. gxf3 Qg5+ 19. Kh2 Qf4+ 0-1

[Event "Eurasia Cup op"]
[Site "Ekaterinburg"]
[Date "2019.08.03"]
[Round "4"]
[White "Bolikov, Nicolai"]
[Black "Kolomensky, Vladimir"]
[Result "0-1"]
[WhiteElo "1771"]
[BlackElo "2101"]
[PlyCount "44"]
[EventDate "2019.07.31"]
[EventType "swiss"]
[EventRounds "9"]
[EventCountry "RUS"]
[SourceTitle "CBM 191 Extra"]
[Source "ChessBase"]
[SourceDate "2019.09.30"]
[SourceVersion "1"]
[SourceVersionDate "2019.09.30"]
[SourceQuality "1"]

1. e4 c5 2. f4 d5 3. exd5 Nf6 4. Bb5+ Bd7 5. Bxd7+ Qxd7 6. c4 e6 7. Qe2 Bd6 8. d3 0-0 9. dxe6 fxe6 10. Nf3 Nc6 11. 0-0 Rae8 12. Nc3 e5 13. f5 Nd4 14. Qd1 Nxf5 15. Bg5 Nh5 16. Nd5 h6 17. Bd2 Nf4 18. Nxe5 Bxe5 19. g4 Bxb2 20. Rb1 Bd4+ 21. Kh1 Ne7 22. Nxe7+ Rxe7 0-1

[Event "RUS-ch Eurasia Cup op"]
[Site "Ekaterinburg"]
[Date "2018.08.09"]
[Round "8"]
[White "Bolikov, Nicolai"]
[Black "Fedotov, Alexey"]
[Result "0-1"]
[WhiteElo "1733"]
[BlackElo "2106"]
[PlyCount "86"]
[EventDate "2018.08.01"]
[EventType "swiss"]
[EventRounds "9"]
[EventCountry "RUS"]
[SourceTitle "CBM 185 Extra"]
[Source "ChessBase"]
[SourceDate "2018.07.29"]
[SourceVersion "1"]
[SourceVersionDate "2018.07.29"]
[SourceQuality "1"]

1. e4 c6 2. d4 d5 3. e5 Bf5 4. Nc3 e6 5. g4 Bg6 6. Nge2 c5 7. h4 h5 8. Nf4 Bh7 9. Nxh5 Nc6 10. Bb5 cxd4 11. Qxd4 Nge7 12. Bg5 a6 13. Bxc6+ Nxc6 14. Qd2 Nxe5 15. 0-0-0 f6 16. Qe2 Kf7 17. Rhe1 Bd6 18. Bf4 Qc7 19. g5 Bg6 20. Nxg7 Kxg7 21. gxf6+ Kxf6 22. Bg5+ Kg7 23. f4 Nf7 24. Qxe6 Bxf4+ 25. Bxf4 Qxf4+ 26. Kb1 Rhe8 27. Qxd5 Rad8 28. Qxb7 Qd2 29. Rg1 Qxc2+ 30. Ka1 Rxd1+ 31. Rxd1 Re3 32. Qb3 Qf2 33. Qb6 Bc2 34. Qd4+ Kh7 35. Rc1 Re1 36. Rxe1 Qxd4 37. a3 Ne5 38. Rc1 Bb3 39. Ne2 Qd2 40. Rc7+ Kg6 41. h5+ Kxh5 42. Nc1 Nd3 43. Nxd3 Qxd3 0-1

[Event "RUS-ch Eurasia Cup op"]
[Site "Ekaterinburg"]
[Date "2018.08.08"]
[Round "7"]
[White "Khrustalev, Artemy"]
[Black "Bolikov, Nicolai"]
[Result "0-1"]
[WhiteElo "1000"]
[BlackElo "1733"]
[PlyCount "72"]
[EventDate "2018.08.01"]
[EventType "swiss"]
[EventRounds "9"]
[EventCountry "RUS"]
[SourceTitle "CBM 185 Extra"]
[Source "ChessBase"]
[SourceDate "2018.07.29"]
[SourceVersion "1"]
[SourceVersionDate "2018.07.29"]
[SourceQuality "1"]

1. Nf3 f5 2. g3 Nf6 3. d3 d6 4. c4 g6 5. b3 Bg7 6. Bb2 0-0 7. Bg2 c6 8. 0-0 Qe8 9. Nbd2 e5 10. e4 f4 11. Qc2 fxg3 12. fxg3 Na6 13. d4 Ng4 14. Rae1 Bh6 15. Qc3 Bg7 16. c5 exd4 17. Nxd4 dxc5 18. Rxf8+ Qxf8 19. Qc4+ Kh8 20. Rf1 Qd6 21. Nb5 cxb5 22. Bxg7+ Kxg7 23. Qf7+ Kh6 24. e5 Nxe5 25. Qf4+ Kg7 26. Ne4 Qd4+ 27. Kh1 Bf5 28. Qg5 Rf8 29. g4 Bxe4 30. Qe7+ Rf7 31. Rxf7+ Nxf7 32. Bxe4 Qd1+ 33. Kg2 Qxg4+ 34. Kf2 Qf4+ 35. Kg2 Qg5+ 36. Qxg5 Nxg5 0-1